000
00288nam a22001337a 4500
008
210303b ||||| |||| 00| 0 eng d
020
_a
9781932628111
041
_a
eng
080
_a
311
100
_a
55
101
_a
STA
245
_a
Beginning Statistics
_c
Warren,C
942
_2
udc
_c
BK
999
_c
55703
_d
55703